History Quiz

Random History or Century Quiz

5 Events Per Century II Quiz Stats

Quiz not verified by Sporcle

Challenge
Share
Tweet
Embed
Score 0/25 Timer 05:00
0 Plays Today
% Correct
Columbus Sails to America
85.1%
Norman Conquest of England
64.3%
Black Death Ravages Europe
63.6%
Battle of Agincourt
62.8%
Printing Press Invented
62.1%
Beginning of Hundred Years' War
61.1%
Magna Carta Signed
60.5%
First Crusade
59.4%
Richard the Lion Heart Dies
52.7%
Second Crusade
51.3%
Leif Ericson Sails to America
49.8%
Marco Polo Travels to China
48.3%
Third Crusade
47.3%
% Correct
The Fall of Constantinople
45.4%
Saladin Dies
39.2%
William Wallace Martyred
37.5%
Peasants' Revolt
36.5%
El Cid Defends Spain
36.4%
Mongol Conquest Begins
36.3%
Mongols Defeated in China
35.9%
The Great Schism
29.1%
Ottoman Empire Founded
28.2%
Inca Empire Founded
27.3%
Afonso I Becomes First King of Portugal
24.8%
Rockets First Used
14.9%

You're not logged in!

Compare scores with friends on all Sporcle quizzes.
Sign Up with Email
OR
Log In

You Might Also Like...

Show Comments

Extras

Top Quizzes Today


Score Distribution

Your Account Isn't Verified!

In order to create a playlist on Sporcle, you need to verify the email address you used during registration. Go to your Sporcle Settings to finish the process.

Report this User

Report this user for behavior that violates our Community Guidelines.

Details: